| 000 | 00931nam a22002897a 4500 | ||
|---|---|---|---|
| 001 | 9377 | ||
| 003 | FISKH | ||
| 005 | 20251216132950.0 | ||
| 008 | 251216b cb ||||| |||| 00| 0 eng d | ||
| 020 | _a9780590402972 | ||
| 040 |
_aFISKH _beng _cFISKH _dFISKH |
||
| 050 | _aPZ9.A675 | ||
| 082 | _a634.11 LCC | ||
| 100 |
_aMoore, Eva _eAuthor |
||
| 245 |
_aJohnny appleseed / _cby Eva Moore ; illustrated by Beatrice Darwin |
||
| 260 |
_aNew York : _bScholastic Inc. , _c1964 |
||
| 300 |
_a46 pages : _bcolor illustrations ; _c23 cm |
||
| 505 | _aN | ||
| 520 | _aBriefly describes the life of John Chapman, who wandered through the frontier for forty years, planting apple trees and helping pioneers. | ||
| 521 | 8 |
_a570
_bLexile |
|
| 521 | 8 |
_aN
_bRaz-Plus |
|
| 650 |
_aAmerican history _vApple |
||
| 650 |
_aPioneers _vBiography |
||
| 700 |
_aDarwin, Beatrice _eIllustrator |
||
| 942 |
_2ddc _cBK _n0 |
||
| 999 |
_c9377 _d9377 |
||